Report of the Backward Classes Reservation Commission, Kerala (Record no. 489172)

000 -LEADER
fixed length control field 00440cam a22001337a 4500
008 - FIXED-LENGTH DATA ELEMENTS--GENERAL INFORMATION
fixed length control field 180718b1970 xxu||||| |||| 00| 0 eng d
082 ## - DEWEY DECIMAL CLASSIFICATION NUMBER
Classification number BA27x5453 K45
100 ## - MAIN ENTRY--PERSONAL NAME
Personal name Kerala. Backward Classes Reservation Commission
245 ## - TITLE STATEMENT
Title Report of the Backward Classes Reservation Commission, Kerala
260 ## - PUBLICATION, DISTRIBUTION, ETC.
Place of publication, distribution, etc. Trivandrum
Name of publisher, distributor, etc. The author
Date of publication, distribution, etc. 1970
300 ## - PHYSICAL DESCRIPTION
Extent 2v.
500 ## - GENERAL NOTE
General note Chairman: Nettur P. Damodaran
700 ## - ADDED ENTRY--PERSONAL NAME
Personal name Damodaran, Nettur P. (Chairman)
Holdings
Withdrawn status Lost status Damaged status Not for loan Permanent Location Current Location Date acquired Full call number Barcode Date last seen Price effective from Koha item type
        Indian Institute of Public Administration Indian Institute of Public Administration 2018-08-04 BA27x5453 K45 G11724 2018-08-04 2018-08-04 G
        Indian Institute of Public Administration Indian Institute of Public Administration 2018-08-04 BA27x5453 K45 G11723 2018-08-04 2018-08-04 G

Powered by Koha